LEADER 01104nam a2200265 4500 001 000000367560 003 CaOOAMICUS 005 20260507115013.0 008 260504s2015 it a 000 u ita r 020 $a978-88-581-1964-8 040 $aSeMil$bita 100 1 $aBarmasse, Hervé.$0(OLS)http://semarc/name/124305 245 13$aLa montagna dentro /$cHervé Barmasse. 264 1$aRoma ; Bari :$bLaterza,$c2015. 300 $aVII, 224 p., [8] carte di tav. :$bill. ;$c21 cm 490 1 $aI Robinson / Letture 650 4$aAlpinismo - Diari e memorie.$0(OLS)http://semarc/subject/13445 830 2$aI Robinson / Letture.$0(OLS)http://semarc/title/457387 850 $aSeMil 852 $aSeMil$W1$xVenegono$y1$m3J II 499$j271495$B258247$CSeMilBibl$Z2$F258247 $81 961 $aCaspani Maurizio - Lascito -- Con dedica autografa dell'autore 996 $6020$a978-88-581-1964-8$9(OLS)http://semarc/number/305813 996 $6245$aLa montagna dentro$9(OLS)http://semarc/title/459535 996 $6264$aRoma ; Bari :$bLaterza$9(OLS)http://semarc/publisher/30305